000 00448nam a2200181Ia 4500
001 18622
005 20260306171644.0
008 260306s9999||||xx |||||||||||||| ||und||
041 _aESP
082 _a658.4092
_bG79L
100 _aGregory, Anne
_eAUT
245 0 _aLiderazgo estratégico y gestión de la comunicación
260 _c2019
300 _a322 páginas :
_c21 cm.
650 _aGEN
654 _aCAN
942 _cLIB
_dJUS
_fJUS
_2ddc
_n
999 _c18622
_d18622